[Event "Budapest FS02 GM"]
[Site "Budapest"]
[Date "2000.02.15"]
[Round "11"]
[White "Burnett, Ronald"]
[Black "Nguyen, Anh Dung"]
[Result "1-0"]
[WhiteElo "2437"]
[BlackElo "2496"]
[Annotator "Avrukh,B"]
[PlyCount "103"]
[EventDate "2000.02.05"]
[EventType "tourn"]
[EventRounds "13"]
[EventCountry "HUN"]
[EventCategory "9"]
[SourceTitle "CBM 076"]
[Source "ChessBase"]
[SourceDate "2000.05.31"]
[SourceVersion "1"]
[SourceVersionDate "2000.05.31"]
[SourceQuality "1"]

1. e4 {Finkel,A} c5 2. Nf3 Nc6 3. Bb5 e6 4. O-O Nge7 5. c3 a6 6. Ba4 b5 7. Bc2
d5 8. e5 d4 9. Qe2 (9. Be4 Rb8 (9... Bb7 10. d3 Ng6 11. Re1 Be7 12. cxd4 cxd4
13. Nbd2 O-O 14. Nb3 Rb8 15. Bd2 b4 16. Rc1 Qb6 17. h4 $1 $36 {1-0 Torre,
E-Fedorowicz,J/San Francisco 1991 (22)}) (9... d3 $6 {[%csl Rd3]} 10. b3 Ra7
11. Re1 Rd7 12. c4 b4 13. Re3 g6 14. Qf1 Bg7 15. Bb2 $16 {Olafsson,H-Jonasson,
B/ISL-ch 1996/1-0 (44)}) 10. d3 h6 11. Nbd2 Bb7 12. Nb3 Ng6 13. cxd4 cxd4 14.
Bxc6+ Bxc6 15. Nbxd4 Bb7 16. Be3 Be7 $44 {Malakhov,V-Karasev,V/St.Petersburg
op 1994/1-0 (64)}) 9... Bb7 10. Be4 $1 Nd5 (10... Ng6 $5 11. cxd4 cxd4 12. d3
Be7 13. Nbd2 Qb6 14. Nb3 O-O 15. h4 a5 $6 (15... Rfd8 $5) 16. h5 $16 {Tkachiev,
V-Cherniaev,A/Biel op 1994/1-0 (68)}) 11. d3 Be7 12. c4 Nb6 {This variation is
considered to lead to the advantage of white and the move in the game doesn't
change it.} (12... bxc4 13. dxc4 Nb6 14. Ne1 Qc7 15. b3 Nd7 16. f4 O-O-O 17.
Nd3 Rdg8 18. Nd2 $14 {Tolstikh,N-Michalek,J/Pardubice op 1995 (31)}) 13. Bf4 b4
$6 14. Nbd2 Kd7 15. Nb3 a5 (15... h6) 16. a3 a4 $2 17. axb4 $1 $36 {Using the
weakness of square c6 and the threats to black king white get big opening
advantage after this small combination.} axb3 $8 18. b5 {[%cal Ge4b7]} Qc7 (
18... Na5 19. Bd2 $1 Naxc4 (19... Bxe4 20. Qxe4 $18 {[%csl Ra5,Rc6,Rd7]}) 20.
Bxb7 Rxa1 21. Rxa1 Nxd2 22. Nxd2 Qc7 23. Bc6+ $18) 19. bxc6+ Bxc6 20. Nd2 {
[%csl Rb3] Black can't protect the pawn on b3.} Na4 (20... Bxe4 21. Qxe4 Ra2
22. Nxb3 Rxb2 23. Nxd4 $1 $18 cxd4 24. Qxd4+ {[%cal Gd4b2,Gd4d7]}) 21. Nxb3
Rhb8 (21... Bxe4 22. Qxe4 Rhb8 23. Nd2 $5 $16) 22. Bxc6+ Qxc6 23. Qc2 Nb6 24.
Rxa8 Rxa8 25. Ra1 g5 (25... Rxa1+ 26. Nxa1 Qa8 27. Nb3 Qa4 28. Kf1 Kc7 29. Ke2
g5 30. Bg3 $16) 26. Rxa8 Qxa8 27. Bd2 Qa4 $2 {Blundering another pawn and
making white's task much easier.} 28. Bxg5 $1 $18 Bf8 (28... Bxg5 29. Nxc5+ $18
) 29. h3 Kc8 30. Kh2 Bg7 31. f4 Bf8 32. g4 Kb8 33. Bh4 Bh6 34. Bg3 Ka7 35. h4
Bf8 36. Bf2 Be7 37. h5 Kb7 38. Kg3 Kc7 39. Nxd4 $6 {Looking for a problems:
much simplier was to win without this sacrifice.} (39. f5 $5) 39... cxd4 40.
Qxa4 Nxa4 41. Bxd4 Bc5 $6 ({More persistant was} 41... Kc6 $1 42. Kf3 (42. b3
Nc5 43. Bxc5 Kxc5 44. Kf3 Kd4 45. Ke2 Bf8 $14) (42. f5 Bc5 43. Bc3 Be3 44. f6)
42... Bc5 43. Bxc5 Kxc5 44. b3 Nc3 45. Ke3 $16 {and white still have to work
hard to win the game.}) 42. b3 $1 Bxd4 43. bxa4 Kb6 44. Kf3 Ka5 45. Ke4 Bb6 46.
d4 Kxa4 47. f5 Kb4 (47... exf5+ 48. gxf5 Kb4 49. c5 Bc7 50. Kd5) 48. c5 Bd8 49.
f6 Kb5 50. d5 Kxc5 51. dxe6 fxe6 52. g5 {[%cal Gg5g8]} 1-0

[Event "GER-ch 74th"]
[Site "Saarbruecken"]
[Date "2002.11.22"]
[Round "1"]
[White "Handke, Florian"]
[Black "Becking, Stephan"]
[Result "1-0"]
[WhiteElo "2504"]
[BlackElo "2315"]
[Annotator "Avrukh,B"]
[PlyCount "47"]
[EventDate "2002.11.22"]
[EventType "swiss"]
[EventRounds "9"]
[EventCountry "GER"]
[SourceTitle "CBM 093"]
[Source "ChessBase"]
[SourceDate "2003.04.01"]
[SourceVersion "1"]
[SourceVersionDate "2003.04.01"]
[SourceQuality "1"]

1. e4 c5 2. Nf3 Nc6 3. Bb5 a6 $2 {Not very often you can see quite a good
player make a mistake already on third move in well-known position.Maybe his
idea was to play some rare line(in this case i would reccomend 3...Na5,which
is much better),but this move is simply losing of tempo.} 4. Bxc6 dxc6 5. d3
Bg4 6. h3 Bxf3 7. Qxf3 Qc7 $146 {A new move in this position,which doesn't
change the evaluation of the position as clearly bvetter for white.} (7... g6
8. O-O Bg7 9. a4 Nf6 $2 (9... a5 $142) 10. a5 {[%csl Ra6,Rb7,Rc5,Rc6]} O-O 11.
Nd2 Nd7 12. Qe2 Qc7 13. Nc4 b5 14. axb6 Nxb6 15. Bf4 e5 16. Nxb6 Qxb6 17. Bc1
Rfb8 18. b3 $18 {[%csl Ra6,Rc5,Rc6] 1-0 De la Villa Garcia,J-Ferreiro Montoya,
J/San Sebastian 1996/EXT 2001 (36)}) (7... e6 8. O-O Bd6 9. Nc3 Qf6 $6 10. Qe2
Be5 $2 11. Bd2 {[%cal Gf2f4]} b5 12. f4 Bc7 13. e5 Qd8 14. Be3 Ne7 15. Bxc5 $18
{1-0 Sofronie,I-Tanguy,F/St Chely d'Aubrac 2002/CBM 89 ext (25)}) 8. Be3 (8. a4
{[%cal Ga4a5]} a5 9. Na3 {[%cal Ga3c4] was another opportunity for white}) 8...
e5 9. Nd2 (9. a4 $5) 9... Nf6 10. O-O Be7 11. Qe2 $6 ({Objectively stronger
was:} 11. a4 $142 {[%cal Ga4a5]} a5 12. Nc4 O-O (12... b5 13. Na3 Rb8 14. axb5
cxb5 15. c4 $1 b4 16. Nb5 $16) 13. Qg3 Nd7 14. f4 $16) 11... g6 $1 {An
interesting idea,black is going to meet f4 with Nh5.} (11... O-O 12. f4 $16)
12. f4 Nh5 13. fxe5 $1 (13. Qf3 $140 $2 exf4 14. Bxf4 Qxf4 15. Qxf4 Nxf4 16.
Rxf4 Bg5 17. Rf2 Be3 $19) 13... Ng3 14. Qf2 Nxf1 15. Rxf1 O-O (15... O-O-O 16.
Qxf7 Rdf8 17. Qe6+ Qd7 18. Rxf8+ Rxf8 19. Qc4 $16) 16. Nf3 (16. Bh6 Qxe5 17.
Nc4 Qe6 18. Bxf8 Rxf8 $11) 16... b6 $2 (16... f6 17. Bh6 Rfe8 18. exf6 Bxf6 19.
Qxc5 $16) (16... f5 $1 17. exf5 (17. Bh6 Rf7 18. e6 $2 Rf6 $15) (17. exf6 $140
Rxf6 18. Bxc5 Rxf3 $1 19. gxf3 Bxc5 20. Qxc5 Qg3+ $11) 17... Rxf5 18. Bxc5 Raf8
19. Bxe7 Qxe7 {and white only slightly better}) 17. Bh6 Rfe8 18. Nh2 $1 {
Probably this strong resourse was missed,by black,playing 16 move b6.} Qxe5 $2
(18... Bd8 19. Ng4 Re6 20. Bd2 Ra7 {[%csl Gf7]} 21. Qf4 $40 {[%cal Gf4h6,Gg4f6]
}) (18... Bf8 19. Ng4 $1 $40) 19. Qxf7+ Kh8 20. Ng4 $18 Qd4+ (20... Qxb2 21. e5
{[%csl Gg7]}) 21. Rf2 (21. Kh1 $4 Rf8 $1) 21... Bh4 22. g3 $1 (22. e5 Rg8 (
22... Bxf2+ 23. Kh1) 23. g3 $18) 22... Bxg3 23. c3 Bxf2+ 24. Kg2 1-0

[Event "Biel MTO op"]
[Site "Biel"]
[Date "2003.07.30"]
[Round "9"]
[White "Ulybin, Mikhail"]
[Black "Avrukh, Boris"]
[Result "1/2-1/2"]
[WhiteElo "2558"]
[BlackElo "2557"]
[Annotator "Avrukh,B"]
[PlyCount "33"]
[EventDate "2003.07.19"]
[EventType "swiss"]
[EventRounds "11"]
[EventCountry "SUI"]
[SourceTitle "CBM 095 Extra"]
[Source "ChessBase"]
[SourceDate "2003.09.04"]
[SourceVersion "1"]
[SourceVersionDate "2003.09.04"]
[SourceQuality "1"]

1. e4 c5 2. Nf3 Nc6 3. Nc3 Nf6 4. Bb5 Qc7 $5 {Recently this line starts to be
popular after Peter Leko has introduced it on the top level in Linares 2003 in
his games against Anand and Kasparov.} 5. O-O Nd4 6. Nxd4 (6. Re1 {is another
main continuation}) 6... cxd4 7. Nd5 Nxd5 8. exd5 {A very interesting position
has arised. Black has to play very energeticaly, as he seriously lags in
development.} Qc5 {[%csl Gb5,Gd5] An important resource} 9. c4 $1 a6 ({Opening
up the position is clearly in white's favour} 9... dxc3 $2 10. Qb3 $1 {and
white was clearly better in Anand-Leko 2003}) 10. b4 (10. Ba4 b5 11. b4 $1 (11.
cxb5 $143 Qxd5 $1 12. Bb3 Qf5 $1 {[%csl Gf3] and black is fine} (12... Qxb5
$140 $2 13. Qf3 $16 {[%cal Gf3f7,Gf3a8]})) 11... Qxb4 {leads to the game} (
11... Qxc4 12. Bb3 Qxb4 13. a4 $1 $36 {[%cal Gc1a3]})) 10... Qxb4 11. Ba4 b5 $1
$146 {A strong improvement, which I had prepared before the game. It's very
important, that white forced to take on b5, that allows black to attack
white's pawn on d5 .} ({Before black tried:} 11... g6 12. d3 b5 13. Bb3 Bg7 14.
Bd2 $6 (14. a4 $142 $1 {[%cal Gc1a3] due to my preparation,i've noticed this
very strong move,which gives to white very dangerous initiative,as Ba3-idea is
very unpleasant}) 14... Qd6 15. Qe1 bxc4 16. Bb4 Qe5 17. dxc4 a5 18. Bxa5 Qxe1
19. Bxe1 d6 $11 {1/2-1/2 Ulibin,M-Gagunashvili,M/Dubai UAE 2003/The Week in
Chess 442 (26)}) 12. cxb5 g6 (12... axb5 {is another option, which deserves
serious attention.} 13. Bb3 g6 14. d3 ({Other possibilities does not promise
to white anything, for example:} 14. a4 $2 bxa4 15. Bxa4 Bb7 16. d3 Bg7 $17 {
[%csl Gd5]}) (14. d6 {looks dangerous for black, but after} e6 15. Qf3 Rb8 16.
Qf6 Rg8 17. d3 (17. Bb2 Qxd6 $17) 17... Bxd6 {white's compensation is very
unclear}) 14... Bg7 15. Bf4 ({Very interesting} 15. Bd2 $5 Qd6 16. Qe1 $44 {
[%cal Gd2b4]}) 15... O-O 16. Re1 e6 17. Rc1 $44 {and white's compensation is
enough maximum for equality}) 13. b6 $5 (13. d6 $5 {was very interesting try,
but after right} axb5 14. Bb3 {[%cal Gd1f3]} (14. dxe7 Bxe7 15. Bb3 O-O 16. Qf3
Rb8 $11 {[%cal Gc8b7]}) 14... Bb7 $1 15. dxe7 Bxe7 16. Re1 O-O 17. d3 Rfe8 18.
Bf4 Bd6 $1 $11 {black holds successfully}) 13... Bg7 (13... Qxb6 $2 14. Ba3 $1
$32 Bg7 15. Re1 Bf6 16. Rb1 Qa5 17. Bxe7 Bxe7 18. d6 $18) 14. d3 O-O (14...
Qxb6 $2 15. Ba3 $16) 15. Bg5 Bb7 16. Re1 (16. Rb1 Qd6 17. Qg4 $5 e6 $1 (17...
Bxd5 $140 $2 18. Qxd7 Qxd7 19. Bxd7 f6 (19... Rfb8 20. Rfc1 $1 $16) 20. Bd2
Rfd8 21. b7 Rab8 22. Bc8 $1 {[%cal Gd2a5,Ga5c7]} Rdxc8 23. bxc8=Q+ Rxc8 24.
Rfc1 $1 $16) (17... Qxd5 18. Bxe7 $16) (17... f5 $6 18. Qh4 $1 $16 {[%csl Ge7]}
) 18. dxe6 dxe6 19. Rfc1 Rfc8 $11) (16. Bxd7 Bxd5 17. Rb1 Qd6 {[%csl Ga2]} 18.
Qa4 Rfb8 {and black is just fine}) 16... e6 17. dxe6 {Black successfully
solved his opening problems and he is very much in the game. Here my opponent
offered me a draw, which I accepted, due to my good tournament situation.} ({
After} 17. dxe6 dxe6 (17... fxe6 $2 18. Bxd7) 18. Rb1 (18. Bf4 $2 Qxb6 19. Rb1
Qa7 $17) 18... Qd6 19. Qg4 (19. Qd2 Rfc8 {[%cal Gc8c3] and black is fine}) (19.
Bd2 Rfc8 20. Qg4 Rab8 {[%cal Gb7d5]} 21. Qg3 Qxg3 22. hxg3 Bd5 23. Rb2 Rb7 {
even slightly better for black}) 19... Rfc8 (19... Be5 $5) 20. Bf4 e5 21. Bd2
f5 22. Qg3 Rab8 {I would acess the position as dynamical equality.}) 1/2-1/2

[Event "ISR-ch"]
[Site "Tel Aviv"]
[Date "2002.11.29"]
[Round "5"]
[White "Smirin, Ilia"]
[Black "Avrukh, Boris"]
[Result "1-0"]
[WhiteElo "2683"]
[BlackElo "2595"]
[Annotator "Avrukh,B"]
[PlyCount "65"]
[EventDate "2002.11.24"]
[EventType "swiss"]
[EventRounds "9"]
[EventCountry "ISR"]
[SourceTitle "CBM 093"]
[Source "ChessBase"]
[SourceDate "2003.04.01"]
[SourceVersion "1"]
[SourceVersionDate "2003.04.01"]
[SourceQuality "1"]

1. e4 c5 2. Nf3 Nc6 3. Nc3 e5 4. Bc4 Be7 5. d3 d6 6. O-O Nf6 7. Ng5 O-O 8. f4
exf4 9. Bxf4 h6 10. Nf3 Be6 11. Nd5 Bxd5 (11... Na5 $6 12. Nxe7+ Qxe7 13. Bxe6
(13. Bb3 $140 c4 14. dxc4 Nxe4 $13) 13... fxe6 (13... Qxe6 14. Nh4 d5 15. Qd2 {
[%csl Ga5]} Nc6 16. Nf5 $36) 14. e5 dxe5 15. Nxe5 $16) 12. exd5 {Nowadays the
critical continuation in this line} Nb4 $2 ({Interestingly enough,that in the
next round Ilya played this line for black and was beaten nicely by Emil
Sutovsky} 12... Na5 {In my opinion should be the best answer for black.} 13.
Nh4 b5 14. Nf5 $3 (14. Bxb5 Nxd5 $11) 14... bxc4 15. Bxh6 $1 gxh6 16. Nxh6+ Kh7
17. Nf5 cxd3 18. Qxd3 Kh8 19. Rae1 Qb6 20. Qh3+ Nh7 21. Rxe7 c4+ 22. Kh1 Qxb2
23. Re4 Rg8 24. Qxh7+ $3 {1-0 Sutovsky,E-Smirin,I/Tel Aviv ISR 2002/The Week
in Chess 421 (24) with mate in 6 moves}) 13. Bd2 $1 {This is the idea .Now
white knight comes to f5 and black king starts to fell not so safe.} Nbxd5 (
13... Nd7 14. c3 Na6 15. Qe1 $1 $36 {[%cal Ge1g3]} (15. Bxa6 bxa6 16. Qa4 Rb8
$14)) 14. Nh4 $1 Nb6 $146 {A new move in this position,which in fact doesn't
change the reputation of this line ,like very dangerous for black.} ({
Previously was played} 14... Nc7 15. Nf5 d5 16. Bb3 Kh7 17. c3 (17. Qf3 $5 c4
18. Nxe7 Qxe7 19. Qf5+ Kh8 20. dxc4 Ne4 21. Rae1 $16 {1-0 Matikozian,A-Bekker
Jensen,D/Rimavska Sobota 1996/EXT 97 (28)}) 17... Ng8 18. Qf3 Bg5 19. Be1 Ne7
20. h4 Nxf5 21. Qxf5+ g6 22. Qh3 Be7 23. h5 a5 24. Bd2 g5 25. d4 $36 {[%cal
Gb3c2] 1-0 Macieja,B-Bobras,P/Warsaw POL 2002/The Week in Chess 391 (46)}) 15.
Nf5 Nxc4 (15... d5 {maybe was the most principal defence,although white is
clearly better in this variation} 16. Qe1 $1 (16. Bb3 $140 c4) ({Doesn't work} 
16. Bxh6 $2 gxh6 17. Qe1 Bd6 $1 {[%csl Gg3]} 18. Qh4 Nh7 19. Nxh6+ Kg7 20. Nf5+
Kh8 $17) 16... dxc4 (16... Bd6 17. Qh4 Ne8 (17... dxc4 18. Nxh6+ gxh6 19. Rxf6
{[%cal Gh4g4] winning}) 18. Qg4 Kh7 19. Bb5 {[%csl Gg7]} Be5 20. d4 $40 {
[%cal Gb5d3]}) 17. Nxe7+ Kh8 18. Rxf6 $1 gxf6 19. Bxh6 {[%cal Ge1h4]} Qd4+ $8
20. Kh1 Rg8 (20... Rfe8 21. Qg3) 21. Nxg8 Rxg8 22. Be3 Qg4 23. Qf2 $16) 16.
dxc4 Nh7 (16... Ne8 17. Bxh6 $1 gxh6 18. Nxh6+ {with decisive attack}) 17. Bf4
$5 $16 {Swithcing correctly to positional play} (17. Qg4 Bg5 18. Rad1 Nf6 19.
Qf3 {[%csl Gd6] was another very promising way}) (17. Bxh6 $140 gxh6 18. Qg4+ (
18. Nxh6+ $2 Kg7 19. Nf5+ Kh8 $17) 18... Bg5 19. h4 Kh8 (19... Nf6 20. Nxh6+ $1
) 20. hxg5 Qxg5 21. Qh3 Rae8 $132) 17... Bf6 18. Bxd6 Re8 (18... Bxb2 19. Rb1
Bd4+ 20. Kh1 Re8 21. Rxb7 Ng5 22. c3 $1 Bxc3 23. Qd5 $1 $16 {And white
advantage is obvious}) 19. Qg4 Bd4+ (19... Ng5 $5 20. Rad1 $1 (20. h4 $140 h5
$1 21. Qxh5 (21. Qf4 Ne6 $13) 21... g6 22. Nh6+ (22. Qh6 Ne4 $17 {[%csl Gd6,
Gf5]}) 22... Kg7 23. Qg4 Qxd6 24. hxg5 Qd4+ $17) 20... Re4 21. Qg3 {[%cal
Gh2h4]} (21. Bf4 Qb6) 21... Bd4+ 22. Kh1 $16) 20. Kh1 Qg5 21. Qf3 $1 ({Of
course not} 21. Qxg5 Nxg5 22. c3 Bf6 $1 23. Bxc5 (23. Nxh6+ gxh6 24. Rxf6 Ne4
25. Rxh6 Rad8 $132) 23... Re2 $132) 21... Bxb2 22. Rab1 Bf6 (22... Be5 23. Rxb7
Nf6 24. Bxc5 $16) 23. Rxb7 Rad8 24. Bxc5 (24. Ne7+ Kh8 25. Bf4 {[%csl Gg5]} Qh4
26. Nf5 (26. g3 Qh3) 26... Qe1 $8 27. Nd6 Ng5 $1 28. Nxe8 Nxf3 29. Rxe1 Nxe1
30. Nxf6 gxf6 $16 {with still some fight}) 24... Qd2 {Trying to create some
kind of counterplay} (24... Qg6 {[%cal Gh7g5]} 25. Be7 Ng5 26. Qf2 Rc8 27. Qxa7
$18) 25. Be7 $1 {Final blow ,after which black position collapse.} Ng5 26.
Nxh6+ {of course!} Kh7 (26... gxh6 27. Qxf6 $18) 27. Qf5+ (27. Qh5 g6 28. Qh4 {
was winning more easily}) 27... Kxh6 28. Bxf6 gxf6 29. Qxf6+ Kh5 30. Rb5 $1 {
[%csl Rh5] Surely the key move in this line,after which black is hopelees} Rg8
({Others moves are losing too} 30... Re1 31. Qxf7+ Kh6 32. Qf6+ Kh5 33. Qxg5+
Qxg5 34. Rxg5+ Kxg5 35. Rxe1 $18) (30... Re6 31. Qxf7+ Kh6 32. Rxg5 $18 {
[%cal Gf7e6]}) 31. Qxf7+ Rg6 32. Qh7+ Rh6 33. g4+ $1 (33. g4+ Kxg4 34. Qxh6)
1-0

[Event "ISR-ch"]
[Site "Tel Aviv"]
[Date "2002.11.26"]
[Round "2"]
[White "Tseitlin, Mark D"]
[Black "Avrukh, Boris"]
[Result "0-1"]
[WhiteElo "2472"]
[BlackElo "2595"]
[Annotator "Avrukh,B"]
[PlyCount "106"]
[EventDate "2002.11.24"]
[EventType "swiss"]
[EventRounds "9"]
[EventCountry "ISR"]
[SourceTitle "CBM 093"]
[Source "ChessBase"]
[SourceDate "2003.04.01"]
[SourceVersion "1"]
[SourceVersionDate "2003.04.01"]
[SourceQuality "1"]

1. e4 c5 2. Nf3 e6 3. Nc3 Nc6 4. Bb5 {During my home preparation i found this
line was very often played by Mark,but in my opinion black is ok in this
variation.} Nd4 5. O-O (5. Nxd4 $2 cxd4 6. Ne2 Qg5 {[%cal Gg5g2,Gg5b5] is
well-known trick in this position}) 5... a6 6. Bd3 Nc6 $5 7. Re1 {[%cal Gd3f1,
Gd2d4]} g5 $1 {[%csl Gf3][%cal Gg5g4] Black play looks very unlogical,but in
fact white pieces hasn't good squares and black will get very comfortable play.
} (7... d6 8. Bf1 Nf6 9. d4 cxd4 10. Nxd4 {is a normal line ,where black
should be ok too}) 8. Kh1 $146 (8. g3 d6 9. b3 Bg7 10. Bb2 h6 11. Bf1 Nge7 $11
{0-1 Souleidis,G-Bousios,H/Halkidiki GRE 2002/The Week in Chess 401 (47)}) (8.
h3 $6 h5 $1 $36 {[%cal Gg5g4]}) 8... Bg7 ({Another option was} 8... g4 9. Ng1
h5 10. Bf1 (10. f4 Bh6 $1 {[%csl Rf4]}) 10... d6 11. d3 {with complicated play}
) 9. Bf1 h6 10. d3 Nge7 11. Ne2 $5 {[%cal Ge2g3,Gg3h5]} (11. Be3 d6) 11... d5
12. c3 (12. Ng3 $143 {[%cal Gg3h5]} dxe4 13. Nxe4 b6 $15 {[%cal Gc8b7]}) 12...
dxe4 (12... b6 13. exd5 exd5 (13... Nxd5 14. Ng3 $13) 14. d4 {[%cal Ge2g3]} g4
$140 15. Ne5 Nxe5 16. dxe5 Bxe5 17. Nf4 $36 {[%csl Ge8]}) 13. dxe4 Qxd1 14.
Rxd1 b6 {This endgame is very comfortable for black and white has to be
carefull,not to get to worse position.} 15. Ng3 Rg8 (15... O-O $6 16. Nh5 Bh8
17. h4 $1) 16. Nd2 (16. Nh5 $140 Bh8) 16... Ne5 17. Nc4 Nxc4 18. Bxc4 Bb7 19.
Kg1 (19. Be3 Be5 20. f3 Nc8 21. Rd2 Nd6 22. Be2 O-O-O 23. Rad1 f5 24. exf5 exf5
$15) 19... Be5 20. f3 Nc8 $1 {[%cal Gc8d6] Good idea,which creates some
problems for white} 21. Nh5 {Everybody were criticized this move after the
game,supposing,that white knight is clearly misplaced here,but finally i got
to conclusion that this move is not so bad and very important,that it does not
allow black to castle queenside and black king has to stay in the centre.} (21.
Be3 Nd6 22. Bb3 a5 $15 {[%cal Ga5a4]}) (21. Nf1 Nd6 22. Be2 O-O-O 23. Ne3 f5
$140 (23... Rge8 {[%cal Gf7f5]} 24. Ng4 Bg7 25. e5 Nf5) (23... h5 $5) 24. exf5
exf5 25. Nd5 $1 $132 {[%cal Gd5e7,Gd5b6]}) 21... Ke7 (21... Nd6 $2 22. Rxd6
Bxd6 23. Nf6+ Ke7 24. Nxg8+ Rxg8 25. Be3 $11) 22. Be3 Nd6 23. Bf1 (23. Be2 f5
$1) 23... Bc6 {[%cal Gc6b5]} (23... f5 $143 24. exf5 exf5 25. Re1 {[%csl Ge7]})
24. Rd2 (24. a4 a5 {[%csl Ra4]}) 24... Bb5 25. Rad1 Ra7 26. b3 $2 (26. b4 $2
Bxf1 27. bxc5 Nc4) (26. Rc2 Rd8 $1 27. c4 Nxc4 28. Rxd8 Nxe3) ({It was not so
easy to find} 26. Bd3 $1 {and black can hardly improve their position} Nc4 $140
27. Bxc4 Bxc4 28. b3 Bb5 29. a4 Bc6 30. a5) 26... Bxf1 27. Kxf1 f5 $1 {
Probably this idea was missed by Mark and suddenly white loses a pawn.} (27...
Nb5 $143 28. c4 Nd4 29. Ng3 $11 {[%cal Gg3e2]}) 28. exf5 Nxf5 29. Rd3 Bxh2 30.
Bf2 ({Maybe more stubborn was} 30. g4 Nxe3+ 31. Rxe3 {but here also after} Raa8
{black is simply pawn up} (31... Rc7 $5)) 30... g4 31. f4 Kf7 $1 {[%csl Rh5]
[%cal Gf7g6]} (31... g3 32. Be1 {[%csl Rh2]}) 32. g3 (32. Ng3 Bxg3 33. Bxg3 h5
$17) 32... Kg6 33. Kg2 Kxh5 34. Kxh2 Rc7 35. Rd8 (35. Rd7) 35... Rxd8 36. Rxd8
Rc6 $1 $19 {[%cal Gc6d6]} 37. a4 (37. b4 cxb4 38. cxb4 Rc2 39. Kg1 Rxa2 $19)
37... a5 (37... Rd6 $140 $2 38. Rxd6 Nxd6 39. a5 $132) 38. Rb8 Kg6 39. Rg8+ Kf7
$1 40. Rb8 (40. Rxg4 Rd6 $19 {[%csl Rg4]}) 40... Rd6 41. Rb7+ Kg6 42. Kg2 h5
43. Rb8 Kf7 44. Rb7+ Kf6 $1 {[%csl Ge6][%cal Gf6e6]} 45. Rb8 (45. Kf1 Rd3)
45... Rd2 46. Kf1 (46. Rxb6 h4 47. gxh4 g3) 46... Rd3 (46... h4 47. gxh4 g3 48.
Bg1 Nxh4 {[%cal Gg3g2,Gh4f3] also win}) 47. Rxb6 Nxg3+ 48. Kg2 h4 49. Bxc5 Rd2+
50. Kg1 Nf5 51. Rb8 h3 52. Rh8 Rd1+ 53. Kf2 h2 0-1

[Event "RUS-Cup6"]
[Site "Krasnodar"]
[Date "1997.03.11"]
[Round "1"]
[White "Kovalevskaya, Ekaterina"]
[Black "Tregubov, Pavel V"]
[Result "0-1"]
[WhiteElo "2350"]
[BlackElo "2525"]
[Annotator "Baburin,A"]
[PlyCount "96"]
[EventDate "1997.03.11"]
[EventType "swiss"]
[EventRounds "9"]
[EventCountry "RUS"]
[SourceTitle "EXT 2000"]
[Source "ChessBase"]
[SourceDate "1999.11.16"]
[SourceVersion "1"]
[SourceVersionDate "1999.11.16"]
[SourceQuality "1"]

1. e4 c5 2. Nf3 Nc6 3. Bb5 Qb6 4. Nc3 e6 5. Bxc6 Qxc6 6. O-O a6 7. d4 cxd4 8.
Nxd4 Qc7 9. Re1 b5 10. a4 {Quite clearly White had in mind the Nd5-sacrifice
when she played this move, as otherwise provoking ...b4 does not make much
sense.} b4 {[#]} 11. Nd5 {Here this sacrifice is not clear, as White does not
have much forces in attack yet.} exd5 12. exd5+ Be7 13. d6 $2 {White is trying
to use some tactical devices, which is quite wrong and hamds over the
initiative to Black.} ({White would be much better off to seek long-term
compensation after} 13. Nf5 d6 14. Nxg7+) 13... Qxd6 14. Qf3 Qxd4 $17 {That is
it! Two minor pieces are more valuable than a rook here.} 15. Qxa8 Qc5 16. Bf4
Qc6 17. Qb8 f6 18. Qxb4 Bb7 19. f3 Kf7 20. Qb3+ d5 21. Kh1 Bc5 22. Be3 Bd6 23.
Rac1 Ne7 24. c4 Rb8 25. Red1 Bc8 26. Qa2 Bd7 27. b3 Qb7 28. c5 Be5 29. b4 Qxb4
30. c6 Be6 31. Qc2 Qh4 32. f4 Rb2 33. fxe5 Rxc2 34. Rxc2 Qxa4 35. Rdc1 d4 36.
exf6 gxf6 37. Bd2 Bb3 38. Rc5 Qa2 39. Bb4 d3 40. c7 d2 41. Bxd2 Qxd2 42. c8=Q
Nxc8 43. Rxc8 Bd5 44. R8c7+ Kg6 45. R7c2 Qd4 46. Rc3 h5 47. Rg3+ Kh6 48. h3 Qf2
0-1